000 00406nam a22001217a 4500
040 _cRUA
082 _a92 KOE 2025 A126 Or.
100 _aគឹម ចាន់ណា
245 _aHow to stop worrying and start living,យកឈ្នះក្តីទុក្ខសាងជីវិតស្រស់បំព្រង
260 _aphnom penh
_brua
_c2025
300 _a385p.
_bill.
_c20cm.
942 _cKB
999 _c24013
_d24013